| 000 | 00598nam a2200217Ia 4500 | ||
|---|---|---|---|
| 005 | 20250508154252.0 | ||
| 008 | 008 250505s9999 xx 000 0 eng d | ||
| 037 | _aTextual | ||
| 040 |
_aFEDL _beng _cFEDL |
||
| 041 |
_aeng _2eng |
||
| 084 |
_a407, GRE _qFEDL |
||
| 100 | _aGreat | ||
| 245 | 0 | _aLanguage : Some suggestions for teaching of english | |
| 245 | 0 | _cGreat Britain | |
| 260 |
_aLondon, UK _bHer Majesty's stationery Office _c1954 |
||
| 300 | _av,169p | ||
| 365 | _aGifted | ||
| 650 | _aLanguage -Teaching | ||
| 942 |
_cTEXL _h407, GRE |
||
| 999 |
_c1349259 _d1349259 |
||